A Manual on Business Identification and Selection (Record no. 354242)
[ view plain ]
| 000 -LEADER | |
|---|---|
| fixed length control field | 00430nam a2200145Ia 4500 |
| 008 - FIXED-LENGTH DATA ELEMENTS--GENERAL INFORMATION | |
| fixed length control field | 230719s9999 xx 000 0 und d |
| 041 ## - LANGUAGE CODE | |
| Language code of text/sound track or separate title | eng |
| 082 ## - DEWEY DECIMAL CLASSIFICATION NUMBER | |
| Classification number | 658. |
| Item number | PAT |
| 100 ## - MAIN ENTRY--PERSONAL NAME | |
| Personal name | Patel J.B. |
| 9 (RLIN) | 203783 |
| 245 ## - TITLE STATEMENT | |
| Title | A Manual on Business Identification and Selection |
| 260 ## - PUBLICATION, DISTRIBUTION, ETC. (IMPRINT) | |
| Name of publisher, distributor, etc. | Entrepreneurship Development Institute of India, |
| Place of publication, distribution, etc. | Ahmedabad |
| 300 ## - PHYSICAL DESCRIPTION | |
| Extent | 167p |
| 365 ## - TRADE PRICE | |
| Currency code | Rs. |
| Price amount | 88.00 |
| 700 ## - ADDED ENTRY--PERSONAL NAME | |
| Personal name | Patel J.B. & Modi S.S. |
| 9 (RLIN) | 203784 |
| Withdrawn status | Lost status | Damaged status | Not for loan | Home library | Current library | Shelving location | Date acquired | Vendor | Cost, normal purchase price | Full call number | Barcode | Date last seen | Cost, replacement price | Bill Date | Koha item type | Original Barcode |
|---|---|---|---|---|---|---|---|---|---|---|---|---|---|---|---|---|
| Cummins College of Engineering for Women Pune | Cummins College of Engineering for Women Pune | Donated Book | 08/01/2015 | Masurkar Enterprises | 88.00 | 658. | CCEP-DB-447 | 19/07/2023 | 88.00 | 19/07/2023 | Books | D00447 |